Groupes de choses - 3 - Les 7 meilleures nations aux J-O - Statistiques

Statistiques générales
  • Ce quiz a été pris 278 fois
  • Le résultat moyen est 72 sur 83
Statistiques - réponses
Indice Pays % Correct
BOBSLEIGH ETATS-UNIS
100%
HOCKEY SUR GLACE ETATS-UNIS
100%
PATINAGE ARTISTIQUE ETATS-UNIS
100%
SKI ACROBATIQUE ETATS-UNIS
100%
PATINAGE DE VITESSE ETATS-UNIS
100%
SKELETON ETATS-UNIS
100%
SNOWBOARD ETATS-UNIS
100%
PATINAGE de VITESSE SUR PISTE COURTE ETATS-UNIS
100%
TIR A LA CORDE (épreuve disparue) ETATS-UNIS
100%
COMBINE NORDIQUE FRANCE
100%
SNOWBOARD FRANCE
100%
TIR A LA CORDE (épreuve disparue) FRANCE
100%
BOBSLEIGH CANADA
98%
HOCKEY SUR GLACE CANADA
98%
PATINAGE ARTISTIQUE CANADA
98%
SKI ACROBATIQUE CANADA
98%
PATINAGE DE VITESSE CANADA
98%
SKELETON CANADA
98%
SNOWBOARD CANADA
98%
PATINAGE de VITESSE SUR PISTE COURTE CANADA
98%
SKI DE FOND SUEDE
98%
HOCKEY SUR GLACE SUEDE
98%
PATINAGE ARTISTIQUE SUEDE
98%
PATINAGE DE VITESSE SUEDE
98%
TIR A LA CORDE (épreuve disparue) SUEDE
98%
SKI DE FOND NORVEGE
97%
COMBINE NORDIQUE NORVEGE
97%
SKI ACROBATIQUE NORVEGE
97%
PATINAGE DE VITESSE NORVEGE
97%
SAUT A SKI NORVEGE
97%
SKI DE FOND RUSSIE
96%
PATINAGE ARTISTIQUE RUSSIE
96%
SKELETON RUSSIE
96%
SNOWBOARD RUSSIE
96%
PATINAGE de VITESSE SUR PISTE COURTE RUSSIE
96%
BOBSLEIGH ALLEMAGNE
94%
COMBINE NORDIQUE ALLEMAGNE
94%
PATINAGE DE VITESSE ALLEMAGNE
94%
SAUT A SKI ALLEMAGNE
94%
SKELETON ALLEMAGNE
94%
BOBSLEIGH ALLEMAGNE DE L'OUEST
94%
SKI DE FOND FINLANDE
94%
COMBINE NORDIQUE FINLANDE
94%
SAUT A SKI FINLANDE
94%
SKI ACROBATIQUE CHINE
93%
PATINAGE de VITESSE SUR PISTE COURTE CHINE
93%
COMBINE NORDIQUE JAPON
93%
SAUT A SKI JAPON
93%
BOBSLEIGH ITALIE
89%
SKI DE FOND ITALIE
89%
PATINAGE de VITESSE SUR PISTE COURTE ITALIE
89%
BOBSLEIGH SUISSE
87%
SKI ACROBATIQUE SUISSE
87%
SAUT A SKI SUISSE
87%
SKELETON SUISSE
87%
SNOWBOARD SUISSE
87%
SKELETON COREE-DU-SUD
82%
PATINAGE de VITESSE SUR PISTE COURTE COREE-DU-SUD
82%
PATINAGE DE VITESSE PAYS-BAS
82%
PATINAGE de VITESSE SUR PISTE COURTE PAYS-BAS
82%
TIR A LA CORDE (épreuve disparue) PAYS-BAS
82%
HOCKEY SUR GLACE GRANDE-BRETAGNE
79%
PATINAGE ARTISTIQUE GRANDE-BRETAGNE
79%
SKELETON GRANDE-BRETAGNE
79%
TIR A LA CORDE (épreuve disparue) ROYAUME-UNI
79%
COMBINE NORDIQUE AUTRICHE
78%
PATINAGE ARTISTIQUE AUTRICHE
78%
SAUT A SKI AUTRICHE
78%
SNOWBOARD AUTRICHE
78%
SAUT A SKI POLOGNE
77%
SKI ACROBATIQUE AUSTRALIE
74%
TIR A LA CORDE (épreuve disparue) BELGIQUE
68%
HOCKEY SUR GLACE TCHEQUIE
64%
SNOWBOARD TCHEQUIE
64%
SKI DE FOND URSS
62%
HOCKEY SUR GLACE URSS
62%
PATINAGE ARTISTIQUE URSS
62%
PATINAGE DE VITESSE URSS
62%
SKI DE FOND ESTONIE
55%
SKI ACROBATIQUE BIELORUSSIE
48%
BOBSLEIGH ALLEMAGNE DE L'EST
40%
COMBINE NORDIQUE ALLEMAGNE DE L'EST
40%
HOCKEY SUR GLACE TCHECOSLOVAQUIE
32%
Aucun quiz correspondant
Distribution des résultats
% des personnes avec chaque résultat
Percentile par nombre de réponses
Votre historique - résultats
Vous n’avez pas pris ce quiz